logo

Bir Sreshtho Munshi Abdur Rouf Library
Jhenaidah Cadet College

Common Mistakes at Elementary .. and how to avoid them / (Record no. 6412)

MARC details
000 -LEADER
fixed length control field 00661nam a2200241 a 4500
001 - CONTROL NUMBER
JCCL Control Number 6412
003 - CONTROL NUMBER IDENTIFIER
JCCL marc code BD-JhCC
005 - DATE AND TIME OF LATEST TRANSACTION
control field 20180403184435.0
008 - FIXED-LENGTH DATA ELEMENTS--GENERAL INFORMATION
fixed length control field 180122r20072008u a|||| || | 000 0 eng d
020 ## - INTERNATIONAL STANDARD BOOK NUMBER
International Standard Book Number 9780521732215
035 ## - SYSTEM CONTROL NUMBER
system control number (BD-JhCC)6412
040 ## - CATALOGING SOURCE
Original cataloging agency BD-JhCC
Modifying agency BD-JhCC
041 ## - LANGUAGE CODE
Language code of Book eng
082 ## - DEWEY DECIMAL CLASSIFICATION NUMBER
Classification number 420
Author mark and Year DRI 2008
100 ## - MAIN ENTRY--PERSONAL NAME
Personal name Driscoll, Liz
245 ## - TITLE STATEMENT
Title Common Mistakes at Elementary .. and how to avoid them /
Statement of responsibility, etc Liz Driscoll,
250 ## - EDITION STATEMENT
Edition statement 2nd ed.
260 ## - PUBLICATION, DISTRIBUTION, ETC. (IMPRINT)
Place of publication, distribution, etc New York :
Name of publisher, distributor, etc Cambridge University Press,
Date of publication, distribution, etc 2008.
300 ## - PHYSICAL DESCRIPTION
Pagination 64 p. :
Other physical details ill. ;
Dimensions 22 cm.
650 ## - SUBJECT ADDED ENTRY--TOPICAL TERM
Topical term or geographic name as entry element English Language
General subdivision Study and Teaching
942 ## - ADDED ENTRY ELEMENTS (KOHA)
Source of classification or shelving scheme Dewey Decimal Classification
Koha item type Books
Holdings
Source of classification or shelving scheme Damaged status Not for loan Home library Current library Shelving location Total Checkouts Full call number Barcode Date last seen Copy number Koha item type
Dewey Decimal Classification     JCC Rouf Library JCC Rouf Library General Stacks   420 DRI 2008 1095 01/22/2018 C-1 Books
Dewey Decimal Classification     JCC Rouf Library JCC Rouf Library General Stacks   420 DRI 2008 1094 01/22/2018 C-2 Books

JCC Library | Contacts | JCC Home

Last Update on 23 September 2017
Copyright @ 2017-2020 JCC Rouf Library
Rouf Library, Jhenidah Cadet College (JCC), Bangladesh